| 000 | 00367nam a22001217a 4500 | ||
|---|---|---|---|
| 999 |
_c3679 _d3679 |
||
| 005 | 20201210085612.0 | ||
| 008 | 201210b ||||| |||| 00| 0 eng d | ||
| 020 | _a0582550343 | ||
| 040 | _cCML | ||
| 245 |
_aLanguage and Communication. _cRichards J.C. |
||
| 260 |
_aEngland _bAddison Wesley Longman Ltd _c1983 |
||
| 942 |
_2ddc _cBK _e1st Edition _h418 _mLAN |
||